Guess drawn flags #1 - Statistics

General Stats
  • This quiz has been taken 73 times
  • The average score is 13 of 16
Answer Stats
Picture Answer % Correct
USA
95%
Brazil
92%
Mexico
92%
Bhutan
90%
Sri Lanka
88%
Kyrgyzstan
83%
Malaysia
83%
Vatican
83%
Angola
82%
Montenegro
82%
Moldova
80%
Belize
78%
Brunei
77%
Paraguay
77%
Ecuador
75%
Eswatini
75%
No matching quizzes found
Score Distribution
Percent of People with Each Score
Percentile by Number Answered
Your Score History
You have not taken this quiz